| 000 | 01416nam0a22003371 4500 | ||
|---|---|---|---|
| 001 | rc\4301649 | ||
| 005 | 20250612042707.0 | ||
| 021 |
_aRU _b[59-40512] |
||
| 035 | _a(NLR Aleph) 008502432 | ||
| 090 |
_a8117560 _c8117560 |
||
| 100 | _a20130416d1959 |||y0rusy50 ca | ||
| 101 | 1 |
_arus _chin |
|
| 102 | _aRU | ||
| 105 | _aa z |||a| | ||
| 200 | 1 |
_aЛакшми Бай, рани Джханси _eИст. роман _f[Пер. И. Каменевой и др. _gРед., предисл. и примеч. П. Шаститко _gИл.: М.Ц. Рабинович] |
|
| 210 |
_aМосква _cИзд-во иностр. лит. _d1959 |
||
| 215 |
_a382 с. _cил. _d21 |
||
| 300 | _aНа переплете и корешке загл.: Рани Джханси | ||
| 516 | 0 | _aРани Джханси | |
| 606 |
_aНационально-освободительное движение в Индии _z19 в. (х. л.) _2psbo |
||
| 607 |
_aИндия _z19 в. (х. л.) _2psbo |
||
| 700 | 1 |
_aВарма _bВ. _f1889- _gВриндаванлал |
|
| 702 | 1 |
_aШаститко _bП. _4340 _4080 _4212 |
|
| 702 | 1 |
_aКаменева _bИ. _4730 |
|
| 702 | 1 |
_4440 _7ca _8rus _aРабинович _bМ. Ц. _cхудожник _f1902-1985 _gМихаил Цезаревич _9222695 _3RU\NLR\AUTH\770222751 |
|
| 801 | 0 |
_aRU _bNLR _gpsbo |
|
| 801 | 1 |
_aRU _bELAR _2rusmarc |
|
| 852 |
_aNLR _j59-3/3405 |
||
| 942 | _cBOOK | ||
| 980 | _aNB | ||